| 000 | 00000nam 2200000zi 4500 |
| 001 | 9.935559 |
| 003 | CaOODSP |
| 005 | 20241120095215 |
| 006 | m o d f |
| 007 | cr mn||||||||| |
| 008 | 240318t20242024quca o f000 0 eng d |
| 020 | |a9780660708690 |
| 040 | |aCaOODSP|beng|erda|cCaOODSP |
| 043 | |an-cn-qu |
| 086 | 1 |aFo113-1/133-2024E-PDF |
| 245 | 00|aForest vulnerability to climate change : |ban integrated regional analysis for Quebec. |
| 264 | 1|a[Quebec] : |bNatural Resources Canada = Ressources naturelles Canada, |c2024. |
| 264 | 4|c©2024 |
| 300 | |a1 online resource (2 unnumbered pages) : |bcolour illustrations. |
| 336 | |atext|btxt|2rdacontent |
| 337 | |acomputer|bc|2rdamedia |
| 338 | |aonline resource|bcr|2rdacarrier |
| 490 | 1 |aBranching out from the Canadian Forest Service - Laurentian Forestry Centre, |y1705-5784 ; |v133 |
| 500 | |aIssued also in French under title: Vulnérabilité des forêts aux changements climatiques : une analyse régionale intégrée au Québec. |
| 500 | |aISSN of series should read 1705-5792. |
| 650 | 0|aForests and forestry|xClimatic factors|zQuébec (Province) |
| 710 | 2 |aLaurentian Forestry Centre, |eissuing body. |
| 775 | 08|tVulnérabilité des forêts aux changements climatiques : |w(CaOODSP)9.935561 |
| 776 | 0#|tForest vulnerability to climate change : |w(CaOODSP)9.935560 |
| 830 | #0|aBranching out from the Canadian Forest Service, Laurentian Forestry Centre ;|v133.|w(CaOODSP)9.504686 |
| 856 | 40|qPDF|s2.55 MB|uhttps://publications.gc.ca/collections/collection_2024/rncan-nrcan/Fo113-1-133-2024-eng.pdf |